Films français de 2022 par images - Statistiques

Statistiques générales
  • Ce quiz a été pris 135 fois
  • Le résultat moyen est 5 sur 20
Statistiques - réponses
Par images Réponse % Correct
Simone - Le voyage du siècle
86%
Novembre
60%
Tirailleurs
49%
En corps
32%
La Nuit du 12
31%
Revoir Paris
31%
Coupez !
29%
Les vedettes
29%
Mascarade
26%
Goliath
25%
Incroyable mais vrai
16%
Le Visiteur du futur
16%
L'innocent
13%
Saint Omer
12%
En même temps
8%
Les Amandiers
8%
Les cinq diables
6%
Adieu Monsieur Haffmann
5%
As bestas
3%
L'Origine du mal
3%
Aucun quiz correspondant
Distribution des résultats
% des personnes avec chaque résultat
Percentile par nombre de réponses
Votre historique - résultats
Vous n’avez pas pris ce quiz